Statystyki dla Powiaty Województwa Dolnośląskiego (z Mapą)

Kliknij tutaj aby rozwiązać quiz!

Ogólne statystyki

  • Ten quiz został rozwiązany 16 678 razy
  • Średni wynik to 18 z 30

Odpowiedzi na mapie

Odpowiedzi skodowane kolorowo w zielono-czerwonej skali na mapie do tego quizu, zgodnie z poniższymi procentami.
 

Statystyki odpowiedzi

Powiaty% Poprawnych
Wrocław
99%
Wrocławski
87%
Legnicki
84%
Legnica
83%
Wałbrzych
81%
Wałbrzyski
81%
Karkonoski
80%
Jelenia Góra
79%
Kłodzki
77%
Lubiński
67%
Zgorzelecki
65%
Głogowski
62%
Świdnicki
58%
Bolesławiecki
55%
Oławski
55%
Oleśnicki
55%
Polkowicki
50%
Trzebnicki
49%
Dzierżoniowski
47%
Jaworski
47%
Złotoryjski
47%
Kamiennogórski
46%
Lubański
46%
Milicki
46%
Ząbkowicki
45%
Średzki
41%
Lwówecki
40%
Strzeliński
40%
Wołowski
40%
Górowski
35%

Rozkład punktacji

Percentyl według liczby udzielonych odpowiedzi

Procent ludzi z każdym wynikiem

Twoja historia wyników

Nie rozwiązałeś tego quizu